LIBRARY & INFORMATION CENTRE, KCAET, TAVANUR

ONLINE PUBLIC ACCESS CATALOGUE (OPAC)

Fish processing and preservation (Record no. 15417)

MARC details
000 -LEADER
fixed length control field 00278nam a22001217a 4500
020 ## - INTERNATIONAL STANDARD BOOK NUMBER
ISBN 9788177541441
082 ## - DEWEY DECIMAL CLASSIFICATION NUMBER
Classification number 664.94
Item number CUT/FI
100 ## - MAIN ENTRY--AUTHOR NAME
Personal name Cutting, L
245 ## - TITLE STATEMENT
Title Fish processing and preservation
260 ## - PUBLICATION, DISTRIBUTION, ETC. (IMPRINT)
Place of publication Jodhpur
Name of publisher Agrobios
Year of publication 2012
300 ## - PHYSICAL DESCRIPTION
Number of Pages 372p
942 ## - ADDED ENTRY ELEMENTS (KOHA)
Koha item type Books
Holdings
Withdrawn status Lost status Damaged status Collection code Home library Current library Shelving location Date acquired Source of acquisition Cost, normal purchase price Full call number Accession Number Koha item type
        KAUAET KAUAET General Stacks 31/03/2018 Vigyan Books 899.00 664.94 CUT/FI 25680 Books
free website counter